000 00698nam a22002417a 4500
003 UA-OsUOA
001 132261
007 ta
008 20180716b un ||||| |||| 00| 0 ukr d
090 _a330+340(082)
_bС91
942 _cBK
040 _aUA-OsUOA
_bukr
_cUA-OsUOA
_dUA-OsUOA
245 _aСучасні питання економіки і права
_bзбірник наукових праць
_cгол. ред. Ю. В. Гончаров
300 _a343 с.
955 _a1
041 _aukr
080 _a330+340(082)
022 _a2222-5323
260 _aК.
_bКиМУ
_c2018
250 _nВип. 1(7)
650 7 _a330 Економіка взагалі
_2UDC
999 _c420805
_d420805